1934 1883 1667 1060 1317 1933 1003 1810 1183 1122 1036 1208 1309 1154 1129 1468 1762 1417 1229 1368 1566 1069 1347 1023 1403 1332 1219 1693 1841 1915 1522 1033 1733 1711 1928 1509 1380 1062 1458 1257 1233 1300 1130 1981 1841 1941 1277 1645 1425 1973 1435 1846 1060 1543 1996 1379 1389 1681 1673 1490 1556 1876 1406 1844 1877 1183 1297 1127 1938 1876 1470 1161 1935 1378 1502 1121 1300 1892 1519 1538 1550 1708 1751 1205 1505 1622 1336 1834 1624 1880 1080 1184 1999 1087 1811 1913 1347 1208 1455 BCNSPRNW ULIB Ver.6.0+V

เปลี่ยนเป็นภาษาไทย

Change to English
 แสดงรายละเอียดบรรณานุกรม
  กลับหน้าหลัก

Brief Record : Get Marc (ISO 2709) : E-mail record : QR code < ปิดหน้าต่าง
LEADER : 00000nam 2200000uu 4500
001    13399127106
003     ULIB
008    191010s2562||||th 000 0 tha d
020    ^a9786160443857
060    ^aWS103^bS-ต
100    ^aSUJIN CHA
245    ^aตัวโม่งอยากเป็นผีเสื้อ ชุดนิทานวิทยาศาสตร์พัฒนาทักษะสมอง EF (เรียนรู้เรื่องการเจริญเติบโตของแมลง)
250    ^aพิมพ์ครั้งที่ 1
260    ^aกรุงเทพฯ :^bนานมีบุ๊คส์คิดดี้,^c2562
300    ^a28 หน้า;^b21 ซม.
650    ^aเด็ก^xการเรียนการสอน
945    ^p98^l0^i006294
999    ^aประนอม เกษจรัล
รายการนี้ยังไม่มีแท็ก
คุณยังไม่ได้ล็อกอิน คุณสามารถมีกิจกรรมร่วมกับเว็บไซต์ได้ แต่ต้องล็อกอินก่อน ::
  ล็อกอิน

รายการสื่อสารสนเทศ

ลำดับที่ ประเภท เลขเรียก/บาร์โค้ด สถานที่ สถานะ
1. วิทยาศาสตร์การแพทย์ และสุขภาพ
วิทยาศาสตร์การแพทย์ และสุขภาพ
WS103 S-ต ฉ.1 
  Barcode: 006294
ห้องสมุดวิทยาเขตสวรรค์ประชารักษ์
►หนังสือทั่วไป
บนชั้น

BibComment


ยังไม่เคยถูกคอมเมนท์

คอมเมนท์ทรัพยากรรายการนี้
  คอมเมนท์: ตัวโม่งอยากเป็นผ..


 Copyright 2026. Bcnsprnw @Library